Complex variables and the Laplace transform for engineers (Record no. 13856)

000 -LEADER
fixed length control field 00606nam a22002051 4500
001 - CONTROL NUMBER
control field 13856
003 - CONTROL NUMBER IDENTIFIER
control field BD-DhUET
008 - FIXED-LENGTH DATA ELEMENTS--GENERAL INFORMATION
fixed length control field 840622s1961 nyua b 000 0 eng
040 ## - CATALOGING SOURCE
Original cataloging agency DLC
Transcribing agency DLC
Modifying agency BD-DhUET
082 00 - DEWEY DECIMAL CLASSIFICATION NUMBER
Classification number 517.862
Item number LEP/1961
100 ## - MAIN ENTRY--PERSONAL NAME
Personal name LePage, Wilbur R.
245 10 - TITLE STATEMENT
Title Complex variables and the Laplace transform for engineers
250 ## - EDITION STATEMENT
Edition statement 1st ed.
260 ## - PUBLICATION, DISTRIBUTION, ETC. (IMPRINT)
Place of publication, distribution, etc. Bombay
Name of publisher, distributor, etc. McGraw-Hill
Date of publication, distribution, etc. 1961
300 ## - PHYSICAL DESCRIPTION
Extent xvi, 475 p.
Other physical details ill.
Dimensions 24 cm.
490 ## - SERIES STATEMENT
Series statement International series in pure and applied mathematics
504 ## - BIBLIOGRAPHY, ETC. NOTE
Bibliography, etc Includes bibliographies
650 #0 - SUBJECT ADDED ENTRY--TOPICAL TERM
Topical term or geographic name as entry element Calculus - Complex variables
942 ## - ADDED ENTRY ELEMENTS (KOHA)
Koha item type General Book
Holdings
Lost status Withdrawn status Damaged status Koha full call number Copy number Sublocation or collection (holding branch) Koha item type Price effective from Koha date last seen Date acquired Piece designation (barcode) Source of classification or shelving scheme Location (home branch) Not for loan Shelving location Koha normalized classification for sorting
   517.862/LEP/19611Central Library, BUETGeneral Book2015-03-052015-03-052015-03-0540116 Central Library, BUET Circulation section517_862000000000000_LEP_1961
   517.862/LEP/19612Central Library, BUETGeneral Book2015-03-052015-03-052015-03-0524385 Central Library, BUET Circulation section517_862000000000000_LEP_1961
   517.862/LEP/19613Central Library, BUETGeneral Book2015-03-072015-03-072015-03-076374 Central Library, BUET Circulation section517_862000000000000_LEP_1961
   517.862/LEP/19614Central Library, BUETGeneral Book2015-03-072015-03-072015-03-0751027 Central Library, BUET Circulation section517_862000000000000_LEP_1961
   517.862/LEP/19615Central Library, BUETGeneral Book2015-03-072015-03-072015-03-0720963 Central Library, BUET Circulation section517_862000000000000_LEP_1961
   517.862/LEP/19616Central Library, BUETGeneral Book2015-03-072015-03-072015-03-0742659 Central Library, BUET Circulation section517_862000000000000_LEP_1961
   517.862/LEP/19617Central Library, BUETGeneral Book2015-03-072015-03-072015-03-0740115 Central Library, BUET Circulation section517_862000000000000_LEP_1961
   517.862/LEP/19618Central Library, BUETGeneral Book2015-03-072015-03-072015-03-0739671 Central Library, BUET Circulation section517_862000000000000_LEP_1961
   517.862/LEP/19619Central Library, BUETGeneral Book2015-03-072015-03-072015-03-0739670 Central Library, BUET Circulation section517_862000000000000_LEP_1961
   517.862/LEP/196110Central Library, BUETGeneral Book2015-03-072015-03-072015-03-0742660 Central Library, BUET Circulation section517_862000000000000_LEP_1961
   517.862/LEP/196111Central Library, BUETGeneral Book2015-03-092015-03-092015-03-0942661 Central Library, BUET Circulation section517_862000000000000_LEP_1961
   517.862/LEP/196112Central Library, BUETGeneral Book2015-03-092015-03-092015-03-0951026 Central Library, BUET Circulation section517_862000000000000_LEP_1961
   517.862/LEP/196113Central Library, BUETGeneral Book2015-05-032015-05-032015-05-032039 Central Library, BUET Circulation section517_862000000000000_LEP_1961
   517.862/LEP/196114Central Library, BUETGeneral Book2015-05-032015-05-032015-05-036375 Central Library, BUET Circulation section517_862000000000000_LEP_1961
   517.862/LEP/196115Central Library, BUETGeneral Book2015-05-032015-05-032015-05-032041 Central Library, BUET Circulation section517_862000000000000_LEP_1961
   517.862/LEP/196116Central Library, BUETGeneral Book2015-05-032015-05-032015-05-032040 Central Library, BUET Circulation section517_862000000000000_LEP_1961